| 000 -LEADER |
| fixed length control field |
00319nam a22001097a 4500 |
| 082 ## - DEWEY DECIMAL CLASSIFICATION NUMBER |
| Classification number |
A81x54 In2/71/6 Pt.III TA |
| 100 ## - MAIN ENTRY--PERSONAL NAME |
| Personal name |
Singh, Ardaman |
| 9 (RLIN) |
3810 |
| 245 ## - TITLE STATEMENT |
| Title |
Haryana census: |
| Remainder of title |
establishment report |
| Statement of responsibility, etc |
by Ardaman Singh |
| 260 ## - PUBLICATION, DISTRIBUTION, ETC. (IMPRINT) |
| Place of publication, distribution, etc |
Delhi |
| Name of publisher, distributor, etc |
Controller of Publications |
| Date of publication, distribution, etc |
1979 |
| 300 ## - PHYSICAL DESCRIPTION |
| Extent |
99+p. |
| 440 ## - SERIES STATEMENT/ADDED ENTRY--TITLE |
| Volume number/sequential designation |
Part IIIA |
| 9 (RLIN) |
3811 |